[Event "Civil Service Ch 8th"]
[Site "Leeds"]
[Date "1998.??.??"]
[Round "5"]
[White "Robson, Paul E"]
[Black "Pheby, Ian M"]
[Result "1/2-1/2"]
[WhiteElo "1920"]
[BlackElo "1950"]
[PlyCount "41"]
[EventDate "1998.07.??"]
[EventType "swiss"]
[EventRounds "5"]
[EventCountry "ENG"]
[SourceTitle "BritBase"]
[Source "John Saunders"]
[SourceDate "2024.12.03"]
[SourceVersion "1"]
[SourceVersionDate "2024.12.03"]
[SourceQuality "1"]

1. e4 c6 2. Nc3 d5 3. d3 e5 4. f4 exf4 5. Bxf4 dxe4 6. Nxe4 Nf6 7. Qe2 Nxe4 8. Qxe4+ Qe7 9. Qxe7+ Bxe7 10. O-O-O O-O 11. d4 Be6 12. Bd3 Nd7 13. Nf3 h6 14. Rhe1 Rfe8 15. Kb1 Nb6 16. h3 Nd5 17. Bd2 Nb4 18. Bxb4 Bxb4 19. c3 Bd6 20. Re2 Kf8 21. Rf1 1/2-1/2

[Event "Civil Service Ch 8th"]
[Site "Leeds"]
[Date "1998.??.??"]
[Round "5"]
[White "Wolstencroft, Darryl"]
[Black "Brusey, Alan W"]
[Result "1-0"]
[WhiteElo "1975"]
[BlackElo "1970"]
[PlyCount "53"]
[EventDate "1998.07.??"]
[EventType "swiss"]
[EventRounds "5"]
[EventCountry "ENG"]
[SourceTitle "BritBase"]
[Source "John Saunders"]
[SourceDate "2024.12.03"]
[SourceVersion "1"]
[SourceVersionDate "2024.12.03"]
[SourceQuality "1"]

1. e4 e6 2. d4 d5 3. Nd2 Nf6 4. Bd3 c5 5. c3 Nc6 6. Ngf3 Qb6 7. O-O cxd4 8. cxd4 Nxd4 9. Nxd4 Qxd4 10. Nf3 Qb6 11. e5 Nd7 12. Qc2 Qc5 13. Qe2 Be7 14. Be3 Qa5 15. a3 O-O 16. Rac1 f6 17. Bd4 fxe5 18. Nxe5 Nxe5 19. Bxe5 Bf6 20. Qh5 h6 21. Bd6 Bxb2 22. Rc7 Qxc7 23. Bxc7 Bxa3 24. Be5 Rf7 25. Bh7+ Kf8 26. Bg6 Re7 27. Qf3+ 1-0